000
00329nam a2200133Ia 4500
008
191201s2012 xx 000 0 und d
082
_a
338.5
_b
MIM
100
_a
MISRA,SK
245
0
_a
Macroeconomic for B.com 2nd Sem
260
_a
N. Delhi
_b
Himalaya Publication House
_c
2012
300
_a
288
650
_a
BBA
942
_2
ddc
_c
BK
999
_c
5779
_d
5779